[Event "AUTO-MASTER-2374"]
[Site "http://www.queenalice.com/game.php?id=1412618"]
[Date "2016.3.8"]
[Round "2"]
[White "Ewaldinho"]
[Black "serrato987"]
[Result "1-0"]
[WhiteElo "2474"]
[BlackElo "2089"]

1. d4 d5 2. c4 c6 3. Nf3 Nf6 4. Nc3 Nbd7 5. e3 e6 6. Qc2 Be7 7. b3 O-O 8. Bd3 c5
9. cxd5 exd5 10. O-O b6 11. Bb2 Bb7 12. Rac1 Rc8 13. Rfd1 cxd4 14. Nxd4 Ne4 15.
Bxe4 dxe4 16. Nf5 Bf6 17. Nd6 Rc7 18. Nxb7 Qc8 19. Nd6 Qa8 20. Ndb5 1-0

[Event "Let's Play Chess!"]
[Site "http://www.queenalice.com/game.php?id=1816508"]
[Date "2023.7.18"]
[Round "-"]
[White "Charles56"]
[Black "serrato987"]
[Result "0-1"]
[WhiteElo "1592"]
[BlackElo "2087"]

1. e4 e5 2. Nf3 Nc6 3. a3 Nf6 4. d3 h6 5. h3 Bc5 6. Be3 d6 7. Bxc5 dxc5 8. Nc3
O-O 9. Qd2 Be6 10. Be2 Qe7 11. Nh2 Nd4 12. Nf3 Nd7 13. Nxd4 cxd4 14. Na2 f5 15.
exf5 Bxf5 16. g4 Be6 17. c3 Bd5 18. Rg1 Qh4 19. Nb4 Qxf2+ 20. Kd1 Qxg1+ 21. Qe1
Qxe1+ 22. Kxe1 Bf3 23. Bxf3 Rxf3 24. cxd4 Rxh3 25. dxe5 Rh1+ 0-1

[Event "AUTO-MASTER-3177"]
[Site "http://www.queenalice.com/game.php?id=1816956"]
[Date "2023.7.22"]
[Round "1"]
[White "Artking"]
[Black "serrato987"]
[Result "0-1"]
[WhiteElo "1574"]
[BlackElo "2089"]

1. d4 Nf6 2. c4 e6 3. Nc3 d5 4. Nf3 Bb4 5. g3 O-O 6. Bg2 Nbd7 7. O-O b6 8. e4
Bxc3 9. bxc3 Bb7 10. e5 Ne4 11. Qc2 f6 12. exf6 Qxf6 13. Ne5 Nxe5 14. dxe5 Qxe5
15. Re1 Qf5 0-1

[Event "AUTO-MASTER-3177"]
[Site "http://www.queenalice.com/game.php?id=1816957"]
[Date "2023.7.22"]
[Round "1"]
[White "serrato987"]
[Black "Artking"]
[Result "1-0"]
[WhiteElo "2087"]
[BlackElo "1576"]

1. e4 c5 2. Nf3 d6 3. d4 cxd4 4. Nxd4 Nf6 5. Nc3 a6 6. Be2 g6 7. Be3 Bg7 8. Qd2
O-O 9. O-O-O Nc6 10. f3 Qc7 11. h4 Ne5 12. h5 b5 13. hxg6 hxg6 14. Bh6 Nh5 15.
Bxg7 Kxg7 16. g4 Rh8 17. gxh5 b4 18. Nd5 Qa5 19. Kb1 e6 20. h6+ 1-0

[Event "AUTO-MASTER-3177"]
[Site "http://www.queenalice.com/game.php?id=1816970"]
[Date "2023.7.22"]
[Round "1"]
[White "Guilherme_Ottoni"]
[Black "serrato987"]
[Result "1/2-1/2"]
[WhiteElo "2196"]
[BlackElo "2093"]

1. e4 e5 2. Nf3 Nc6 3. Bb5 a6 4. Ba4 Nf6 5. O-O b5 6. Bb3 d6 7. Re1 Be7 8. c3
Na5 9. Bc2 c5 10. d4 Nc6 11. h3 O-O 12. d5 Na5 13. Nbd2 Qc7 14. Nf1 c4 15. Be3
Nb7 16. Ng3 Nc5 17. Bg5 Re8 18. Qd2 a5 19. a3 Nb3 20. Bxb3 cxb3 21. Qd3 Qb7 22.
Nd2 a4 23. Rec1 1/2-1/2

[Event "AUTO-MASTER-3177"]
[Site "http://www.queenalice.com/game.php?id=1816971"]
[Date "2023.7.22"]
[Round "1"]
[White "serrato987"]
[Black "Guilherme_Ottoni"]
[Result "1/2-1/2"]
[WhiteElo "2089"]
[BlackElo "2192"]

1. e4 e5 2. Nf3 Nc6 3. Bc4 Nf6 4. Ng5 d5 5. exd5 Nd4 6. c3 b5 7. Bd3 Bf5 8. Bxf5
Nxf5 9. Qf3 Nh4 10. Qg3 Ng6 11. d3 Qxd5 12. O-O Bd6 13. Qf3 Qxf3 14. Nxf3 c5 15.
Be3 Ng4 16. Bd2 O-O 17. Na3 a6 18. Rfe1 Rfe8 19. h3 Nf6 20. Nc2 Rad8 1/2-1/2

[Event "AUTO-MASTER-3177"]
[Site "http://www.queenalice.com/game.php?id=1816978"]
[Date "2023.7.22"]
[Round "1"]
[White "Magnaroc"]
[Black "serrato987"]
[Result "1-0"]
[WhiteElo "2368"]
[BlackElo "2046"]

1. e4 e5 2. Nf3 Nc6 3. Nc3 Bc5 4. Nxe5 Bxf2+ 5. Kxf2 Nxe5 6. d4 Ng6 7. Be2 Qf6+
8. Bf3 d6 9. Rf1 N8e7 10. Nb5 O-O 11. Nxc7 Rb8 12. Kg1 Nc6 13. c3 Bd7 14. Nd5
Qd8 15. b3 Be6 16. c4 Rc8 17. Nc3 Qa5 18. Bb2 Nce7 19. Nb5 Qb6 20. Ba3 Rfd8 21.
Nxd6 1-0

[Event "AUTO-MASTER-3177"]
[Site "http://www.queenalice.com/game.php?id=1816979"]
[Date "2023.7.22"]
[Round "1"]
[White "serrato987"]
[Black "Magnaroc"]
[Result "0-1"]
[WhiteElo "2097"]
[BlackElo "2254"]

1. e4 e5 2. Nf3 Nc6 3. Bc4 Nf6 4. Ng5 Bc5 5. Bxf7+ Ke7 6. Bb3 Qe8 7. O-O d6 8.
Nc3 Nd4 9. h3 Rf8 10. Ne2 Qg6 11. Nxd4 Bxd4 12. c3 Nxe4 13. Nxe4 Bxh3 14. Ng3
Qxg3 15. Bd5 Bxf2+ 16. Kh1 Bxg2+ 0-1

[Event "Challenge"]
[Site "http://www.queenalice.com/game.php?id=1817410"]
[Date "2023.7.28"]
[Round "-"]
[White "jogo"]
[Black "serrato987"]
[Result "1-0"]
[WhiteElo "2154"]
[BlackElo "1961"]

1. e4 e5 2. Nc3 Nf6 3. f4 d5 4. fxe5 Nxe4 5. Nf3 c5 6. d3 Nxc3 7. bxc3 Nc6 8. d4
Be7 9. Bf4 Qa5 10. Bd2 Be6 11. c4 Qc7 12. cxd5 Bxd5 13. Bd3 cxd4 14. O-O O-O 15.
c4 Bxf3 16. gxf3 Qxe5 17. f4 Qf6 18. Qc2 h6 19. Rab1 b6 20. Bh7+ Kh8 21. Be4
Rac8 22. Bf5 Rcd8 23. Bd3 Bc5 24. Rf2 Ne7 25. Rg2 Rfe8 26. Kh1 Bd6 27. Rbg1 g6
28. Rf1 Nf5 29. Bxf5 Qxf5 30. Qxf5 gxf5 31. Be1 Re4 32. Bh4 Be7 33. Bxe7 1-0

[Event "Challenge"]
[Site "http://www.queenalice.com/game.php?id=1817411"]
[Date "2023.7.28"]
[Round "-"]
[White "serrato987"]
[Black "jogo"]
[Result "1-0"]
[WhiteElo "2087"]
[BlackElo "2103"]

1. e4 e5 2. Nf3 Nf6 3. Nxe5 d6 4. Nf3 Nxe4 5. d3 Nf6 6. Be2 h6 7. Nc3 Be7 8. O-O
O-O 9. Be3 Re8 10. Qd2 Ng4 11. Bf4 g5 12. Bg3 c6 13. d4 b5 14. h3 Nf6 15. Nxg5
hxg5 16. Qxg5+ Kh8 17. Bd3 Rg8 18. Qh6+ 1-0

[Event "Challenge"]
[Site "http://www.queenalice.com/game.php?id=1817828"]
[Date "2023.8.1"]
[Round "-"]
[White "jogo"]
[Black "serrato987"]
[Result "1-0"]
[WhiteElo "2176"]
[BlackElo "1931"]

1. e4 e5 2. Nc3 Bc5 3. Na4 Be7 4. f4 Bf6 5. Nf3 Nc6 6. Bb5 Qe7 7. d4 Nxd4 8.
Nxd4 exd4 9. Qe2 c6 10. Bd3 g6 11. g3 Qb4+ 12. Bd2 Qxa4 13. b3 Qa3 14. Bc1 Qc5
15. e5 Bg7 16. O-O Ne7 17. a4 O-O 18. Ba3 Qb6 19. Bxe7 Re8 20. Bd6 Bf8 21. Bxf8
Kxf8 22. f5 Kg8 23. f6 d6 24. Qd2 Kh8 25. Qh6 1-0

[Event "Challenge"]
[Site "http://www.queenalice.com/game.php?id=1817829"]
[Date "2023.8.1"]
[Round "-"]
[White "serrato987"]
[Black "jogo"]
[Result "0-1"]
[WhiteElo "1938"]
[BlackElo "2171"]

1. e4 e5 2. Nf3 Nf6 3. Nxe5 d6 4. Nf3 Nxe4 5. Nc3 Nxc3 6. dxc3 h6 7. Bc4 Be6 8.
Qe2 d5 9. Bd3 c5 10. Bf5 Qe7 11. Bxe6 Qxe6 12. Qxe6+ fxe6 13. Bf4 Nc6 14. O-O-O
O-O-O 15. Rhe1 Bd6 16. Bxd6 Rxd6 17. Re2 Re8 18. Rde1 Re7 19. Nh4 Kd7 20. f4 Rf7
21. g3 d4 22. Ng6 Rf6 23. Ne5+ Kc7 24. Nc4 Rd7 25. Rxe6 Rxe6 26. Rxe6 b5 0-1

[Event "Challenge"]
[Site "http://www.queenalice.com/game.php?id=1818384"]
[Date "2023.8.9"]
[Round "-"]
[White "jogo"]
[Black "serrato987"]
[Result "1-0"]
[WhiteElo "1906"]
[BlackElo "2010"]

1. e4 e5 2. Nc3 Nf6 3. f4 d6 4. Nf3 Nbd7 5. Bb5 c6 6. Be2 Be7 7. fxe5 dxe5 8. d4
Qc7 9. dxe5 Nxe5 10. Nxe5 Qxe5 11. Bf3 Be6 12. g3 Rd8 13. Qe2 Bb4 14. O-O Bxc3
15. bxc3 Qxc3 16. Rb1 Bc4 17. Qe1 Qxe1 18. Rxe1 Rd7 19. e5 Re7 20. Bf4 Nd5 21.
Bg5 Rd7 22. e6 fxe6 23. Rxe6+ Ne7 24. Re3 1-0

[Event "Challenge"]
[Site "http://www.queenalice.com/game.php?id=1818385"]
[Date "2023.8.9"]
[Round "-"]
[White "serrato987"]
[Black "jogo"]
[Result "1-0"]
[WhiteElo "2022"]
[BlackElo "1936"]

1. e4 e5 2. Nf3 Nf6 3. Nc3 d6 4. d4 exd4 5. Nxd4 h6 6. Bc4 Be7 7. O-O O-O 8. f4
Bg4 9. Qe1 Re8 10. f5 c5 11. Nb3 Bf8 12. h3 Bh5 13. g4 Bxg4 14. hxg4 Nxg4 15.
Qg3 h5 16. Qh3 Nf6 17. Bg5 Be7 18. Bxf6 Bxf6 19. Qxh5 Bxc3 20. Qxf7+ Kh7 21. Rf2
Qg5+ 22. Kh1 1-0

[Event "Challenge"]
[Site "http://www.queenalice.com/game.php?id=1819907"]
[Date "2023.8.29"]
[Round "-"]
[White "JJerzy"]
[Black "serrato987"]
[Result "1-0"]
[WhiteElo "2091"]
[BlackElo "2091"]

1. d4 Nf6 2. Nf3 e6 3. Bg5 d5 4. e3 Be7 5. c4 O-O 6. Nc3 b6 7. Bxf6 Bxf6 8. cxd5
exd5 9. Bd3 Bb7 10. O-O Re8 11. Rc1 Nd7 12. Nb5 c5 13. Nd6 Qe7 14. Nxe8 Rxe8 15.
b3 cxd4 16. exd4 Qd6 17. Qc2 Bd8 18. Bxh7+ Kh8 19. Bf5 g6 20. Bxd7 Qxd7 21. Ne5
Qe7 22. Nc6 1-0

[Event "Challenge"]
[Site "http://www.queenalice.com/game.php?id=1819908"]
[Date "2023.8.29"]
[Round "-"]
[White "serrato987"]
[Black "JJerzy"]
[Result "0-1"]
[WhiteElo "2103"]
[BlackElo "2074"]

1. e4 c5 2. Nc3 d6 3. g3 Nc6 4. Bg2 Nf6 5. Nge2 e5 6. O-O Be6 7. d3 Be7 8. f4
exf4 9. Nxf4 O-O 10. Be3 Qd7 11. Nfd5 Bxd5 12. Nxd5 Nxd5 13. exd5 Ne5 0-1

[Event "Challenge"]
[Site "http://www.queenalice.com/game.php?id=1820288"]
[Date "2023.9.4"]
[Round "-"]
[White "jogo"]
[Black "serrato987"]
[Result "1-0"]
[WhiteElo "2132"]
[BlackElo "1990"]

1. e4 e5 2. Nc3 Nf6 3. f4 d6 4. fxe5 dxe5 5. Nf3 Nc6 6. Bb5 Bd6 7. d4 exd4 8.
Nxd4 Bd7 9. O-O Qe7 10. Nxc6 bxc6 11. Bg5 cxb5 12. Nd5 Qe6 13. Nxf6+ gxf6 14.
Bxf6 Rg8 15. Qh5 Qg4 16. Qxg4 Bxg4 17. e5 1-0

[Event "Challenge"]
[Site "http://www.queenalice.com/game.php?id=1820289"]
[Date "2023.9.4"]
[Round "-"]
[White "serrato987"]
[Black "jogo"]
[Result "0-1"]
[WhiteElo "2043"]
[BlackElo "1915"]

1. e4 e5 2. Nf3 Nf6 3. Nxe5 d6 4. Nf3 Nxe4 5. d4 d5 6. Nc3 Nxc3 7. bxc3 Bd6 8.
Bd3 Qe7+ 9. Be3 f5 10. O-O O-O 11. Re1 Re8 12. Qd2 Qf8 13. Bf4 Rxe1+ 0-1

[Event "Challenge"]
[Site "http://www.queenalice.com/game.php?id=1820889"]
[Date "2023.9.16"]
[Round "-"]
[White "jogo"]
[Black "serrato987"]
[Result "1-0"]
[WhiteElo "2166"]
[BlackElo "1945"]

1. e4 e5 2. Nc3 Nf6 3. f4 d6 4. Nf3 Nbd7 5. Bc4 Be7 6. d4 exd4 7. Ng5 O-O 8.
Qxd4 d5 9. exd5 Bc5 10. Qd1 Re8+ 11. Be2 Ng4 12. Nge4 Ne3 13. Bxe3 Bxe3 14. g3
1-0

[Event "Challenge"]
[Site "http://www.queenalice.com/game.php?id=1821310"]
[Date "2023.9.21"]
[Round "-"]
[White "JJerzy"]
[Black "serrato987"]
[Result "1-0"]
[WhiteElo "2116"]
[BlackElo "2060"]

1. d4 Nf6 2. Nf3 e6 3. Bg5 Be7 4. c4 d5 5. e3 O-O 6. Nc3 b6 7. Bxf6 Bxf6 8. cxd5
exd5 9. Bd3 Bb7 10. O-O Re8 11. Rc1 Nd7 12. Nb5 Rc8 13. Nxa7 1-0